| 000 | 00650cam a22002293a 4500 | ||
|---|---|---|---|
| 001 | 10534 | ||
| 003 | PGUSA | ||
| 005 | 20140828083226.0 | ||
| 008 | 031201s2003||||xxu|||||s|||||000 | eng d | ||
| 040 |
_aPGUSA _beng |
||
| 042 | _adc | ||
| 050 | 4 | _aPR | |
| 100 | 1 |
_aOppenheim, E. Phillips _q(Edward Phillips), _d1866-1946 |
|
| 245 | 1 | 4 |
_aThe Double Traitor _h[electronic resource] / _cE. Phillips Oppenheim |
| 260 |
_bProject Gutenberg, _c2003 |
||
| 506 | _aPublic domain in the USA. | ||
| 516 | _aElectronic text | ||
| 653 | _aSpy stories | ||
| 830 | 0 |
_aProject Gutenberg _v10534 |
|
| 856 | 4 | 0 | _uhttp://www.gutenberg.org/ebooks/10534 |
| 942 | _cEB | ||
| 999 |
_c239789 _d239789 |
||